000 nam a22 7a 4500
999 _c4854
_d4854
003 AKMAL
005 20200914090918.0
008 200914t20172017my a e h a000 0bmay d
020 _a9789671287934
_qpaperback
_cRM45.00
082 0 4 _a978.883030951 MA.C
_223
090 0 0 _a978.883030951
_bMA.C
100 1 _aChen, Wei
_d1966-
_eauthor.
_99215
245 1 0 _aJACK MA :
_bPENGASAS DAN KETUA PEGAWAI EKSEKUTIF ALIBABA GROUP /
_cCHEN WEI ; Penterjemah Dr. Chew Fong Peng ; Peyelenggara Goh Hin San
264 1 _aKuala Lumpur :
_bInstitut Terjemahan & Buku Malaysia,
_c2017
264 4 _c©2017
300 _axvi, 327 pages :
_bsome colour photographs ;
_c23 cm
500 _aAlso available in English
600 1 0 _aMa, Yun,
_d1964-
_vBiography
_99216
650 1 0 _aBusinessman
_zChina
_vBiography
_99217
650 2 0 _aElectronic commerce
_zChina
_99218
650 2 0 _aInternet marketing
_zChina
_99219
700 1 _aChew, Fong Peng,
_cDr.,
_etranslator.
_99220
700 1 _aGoh, Hin San,
_cDato'
_d1956-
_eeditor.
_99221
942 _2ddc
_cBOOK